| 000 | 00000nam##2200000za#4500 |
| 001 | 9.607030 |
| 003 | CaOODSP |
| 005 | 20210624212925 |
| 007 | cr ||||||||||| |
| 008 | 150406|2003||||xxc|||||o f|0| 0 fre|d |
| 022 | |a1488-545X |
| 040 | |aCaOODSP|bfre |
| 043 | |an-cn--- |
| 086 | 1 |aFs97-6/2491F-PDF |
| 110 | 1 |aCanada. |bMinistère des pêches et des océans. |
| 245 | 10|aApproche pour l'évaluation et le suivi de la santé de l'écosystème, avec application à la communauté à Mya–Macoma / |h[ressource électronique]|c[par] Susanne Mark, Lizon Provencher et Jean Munro. |
| 260 | |aMont-Joli - Québec : |bPêches et Océans Canada |c2003. |
| 300 | |a98p.|bfigures, références, tableaux |
| 490 | 1 |aRapport technique canadien des sciences halieutiques et aquatiques|x1488-545X|vN° 2491 |
| 500 | |aSur la p. de t. : Institut Maurice Lamontagne, Mont Joli, (Québec). Le numéro de catalogue et l'ISSN de l'édition imprimée apparaissent dans la version PDF. |
| 546 | |a(Abstract in English). |
| 590 | |a14-10-Supp|b2014-05-08 |
| 720 | 1 |aProvencher, Lizon |
| 720 | 1 |aMark, S. |
| 720 | 1 |aMunro, J. |
| 775 | 08|tApproach for the monitoring and assessment of marine ecosystem health with application to the Mya–Macoma community / |w(CaOODSP)9.575005 |
| 830 | #0|aRapport technique canadien des sciences halieutiques et aquatiques,|x1488-545X|vN° 2491|w(CaOODSP)9.500867 |
| 856 | 40|ahttp://publications.gc.ca|qPDF|s1213 Ko|uhttps://publications.gc.ca/collections/collection_2014/mpo-dfo/Fs97-6-2491-fr.pdf|yN° 2491 |